{"text_format":"3","workbook":"xlsx","n_sheets":2,"sheets":["SUMMARY","Detailed Estimate"],"not_rendered":{"images":1,"defined_names":3},"read":"whole","date_system":"1900"}

{"sheet":"SUMMARY","index":0,"n_rows":16,"n_cols":5,"rows_kept":16,"merged":[[0,4,0,5],[0,9,0,10],[0,11,0,15],[1,4,1,5],[1,6,1,10],[2,0,2,2],[2,4,2,5],[2,6,2,10],[3,0,3,2]]}
[]
[{"$nulls":4},"Project Name:"]
["www.biddingpartners.com",{"$nulls":3},"Address:"]
["+1 (347) 994-0941"]
[]
[null,"CSI DIV.","DESCRIPTION","TOTAL TRADE COST","REMARKS"]
[]
[null,"DIV.01","GENERAL CONDITIONS",{"$f":"'Detailed Estimate'!P8","v":{"v":12000,"d":"$12,000.00"}}]
[{"$f":"IF(G9<>\"\",1+MAX($A$1:A8),\"\")","v":""},"DIV.22","PLUMBING",{"$f":"'Detailed Estimate'!P14","v":{"v":48166.101430200004,"d":"$48,166.10"}}]
[{"$f":"IF(G10<>\"\",1+MAX($A$1:A9),\"\")","v":""}]
[null,null,"SUBTOTAL",{"$f":"SUM(D8:D10)","v":{"v":60166.101430200004,"d":"$60,166.10"}}]
[null,null,"OVERHEAD & PROFIT - 25%",{"$f":"0.25*D11","v":{"v":15041.525357550001,"d":"$15,041.53"}}]
[null,null,"TOTAL BID",{"$f":"SUM(D11:D12)","v":{"v":75207.62678775,"d":"$75,207.63"}}]
[]
[{"$f":"IF(G26<>\"\",1+MAX($A$1:A14),\"\")","v":""},null,"EXCLUSIONS"]
[{"$f":"IF(G27<>\"\",1+MAX($A$1:A15),\"\")","v":""},null,"ALL ITEMS NOT MENTIONED ABOVE ARE EXCLUDED"]

{"sheet":"Detailed Estimate","index":1,"n_rows":118,"n_cols":16,"rows_kept":118,"merged":[[0,9,0,10],[0,11,0,15],[1,9,1,10],[1,11,1,15],[2,0,2,3],[2,9,2,10],[2,11,2,15],[3,0,3,3],[17,6,17,9],[25,6,25,9],[37,6,37,9],[45,6,45,9],[50,6,50,7],[80,6,80,9],[95,6,95,7],[109,6,109,7],[115,0,115,3],[117,0,117,3]]}
[]
[{"$nulls":9},"Project Name:"]
["www.biddingpartners.com",{"$nulls":8},"Address:"]
[{"v":3479940941,"d":"+1 (347) 994-0941"}]
[]
["SR #","REFERENCE SHEET","DETAIL SHEET","CSI SECT","DESCRIPTION","QTY.","WASTAGE","QTY WITH\nWASTAGE","UNIT OF\nMEASURMENT","UNIT LABOR COST","TOTAL LABOR COST","UNIT MATERIAL COST","TOTAL MATERIAL COST","UNIT COST","TOTAL ITEM\nCOST","TOTAL TRADE\nCOST"]
[]
[{"$nulls":3},"DIV. 01","GENERAL REQUIREMENTS",{"$nulls":10},{"$f":"SUM(O9:O13)","v":{"v":12000,"d":"$12,000"}}]
[]
[{"$f":"IF(I10<>\"\",1+MAX($A$6:A9),\"\")","v":1},{"$nulls":3},"PERMITS & SITE SUPERVISION FEE",1,{"v":0,"d":"0%"},{"$f":"F10*(1+G10)","v":1},"LS",{"$nulls":4},{"v":5000,"d":"$5,000.0"},{"$f":"N10*H10","v":{"v":5000,"d":"$5,000"}}]
[{"$f":"IF(I11<>\"\",1+MAX($A$6:A10),\"\")","v":2},{"$nulls":3},"Allowances",1,{"v":0,"d":"0%"},{"$f":"F11*(1+G11)","v":1},"LS",{"$nulls":4},{"v":3000,"d":"$3,000.0"},{"$f":"N11*H11","v":{"v":3000,"d":"$3,000"}}]
[{"$f":"IF(I12<>\"\",1+MAX($A$6:A11),\"\")","v":3},{"$nulls":3},"Mobilization",1,{"v":0,"d":"0%"},1,"LS",{"$nulls":4},{"v":4000,"d":"$4,000.0"},{"v":4000,"d":"$4,000"}]
[{"$f":"IF(I13<>\"\",1+MAX($A$6:A12),\"\")","v":""}]
[{"$f":"IF(I14<>\"\",1+MAX($A$6:A13),\"\")","v":""},null,null,"DIV. 22","PLUMBING",{"$nulls":10},{"$f":"SUM(O17:O114)","v":{"v":48166.101430200004,"d":"$48,166"}}]
[{"$f":"IF(I15<>\"\",1+MAX($A$6:A14),\"\")","v":""}]
[{"$f":"IF(I16<>\"\",1+MAX($A$6:A15),\"\")","v":""},{"$nulls":3},"PLUMBING PIPES"]
[{"$f":"IF(I17<>\"\",1+MAX($A$6:A16),\"\")","v":""}]
[{"$f":"IF(I18<>\"\",1+MAX($A$6:A17),\"\")","v":""},{"$nulls":3},"WASTE PIPE",null,"SCH 40 ABS OR PVC"]
[{"$f":"IF(I19<>\"\",1+MAX($A$6:A18),\"\")","v":4},"P-3.0","P-3.0",null,"1 1/2\" Dia Vent Pipe",{"v":46.08,"d":"46"},{"v":0.1,"d":"10%"},{"$f":"F19*(1+G19)","v":{"v":50.688,"d":"51"}},"LF",{"v":3.7736,"d":"$3.8"},{"$f":"J19*H19","v":{"v":191.27623680000002,"d":"$191.28"}},{"v":2.12,"d":"$2.12"},{"$f":"L19*H19","v":{"v":107.45856,"d":"$107.46"}},{"$f":"J19+L19","v":{"v":5.8936,"d":"$5.9"}},{"$f":"N19*H19","v":{"v":298.7347968,"d":"$299"}}]
[{"$f":"IF(I20<>\"\",1+MAX($A$6:A19),\"\")","v":5},"P-3.0","P-3.0",null,"2\" Dia Vent Pipe",{"v":29.13,"d":"29"},{"v":0.1,"d":"10%"},{"v":32.043,"d":"32"},"LF",{"v":6.23,"d":"$6.2"},{"v":199.62789,"d":"$199.63"},{"v":3.5,"d":"$3.50"},{"v":112.1505,"d":"$112.15"},{"v":9.73,"d":"$9.7"},{"v":311.77839,"d":"$312"}]
[{"$f":"IF(I21<>\"\",1+MAX($A$6:A20),\"\")","v":6},"P-3.0","P-3.0",null,"2\" Dia Sanitary Sewer Pipe",{"v":68.87,"d":"69"},{"v":0.1,"d":"10%"},{"v":75.757,"d":"76"},"LF",{"v":6.23,"d":"$6.2"},{"v":471.96611000000007,"d":"$471.97"},{"v":3.5,"d":"$3.50"},{"v":265.1495,"d":"$265.15"},{"v":9.73,"d":"$9.7"},{"v":737.1156100000001,"d":"$737"}]
[{"$f":"IF(I22<>\"\",1+MAX($A$6:A21),\"\")","v":7},"P-3.0","P-3.0",null,"3\" Dia Sanitary Sewer Pipe",{"v":158.77,"d":"159"},{"v":0.1,"d":"10%"},{"v":174.64700000000002,"d":"175"},"LF",{"v":10.057,"d":"$10.1"},{"v":1756.4248790000004,"d":"$1,756.42"},{"v":5.65,"d":"$5.65"},{"v":986.7555500000002,"d":"$986.76"},{"v":15.707,"d":"$15.7"},{"v":2743.1804290000005,"d":"$2,743"}]
[{"$f":"IF(I23<>\"\",1+MAX($A$6:A22),\"\")","v":8},"P-3.0","P-3.0",null,"1 1/2\" Dia Vent Pipe Up Above Ceiling",{"$f":"8*12","v":96},{"v":0.1,"d":"10%"},{"v":105.60000000000001,"d":"106"},"LF",{"v":3.7736,"d":"$3.8"},{"$f":"J23*H23","v":{"v":398.49216,"d":"$398.49"}},{"v":2.12,"d":"$2.12"},{"$f":"L23*H23","v":{"v":223.87200000000004,"d":"$223.87"}},{"$f":"J23+L23","v":{"v":5.8936,"d":"$5.9"}},{"v":622.3641600000001,"d":"$622"}]
[{"$f":"IF(I24<>\"\",1+MAX($A$6:A23),\"\")","v":9},"P-3.0","P-3.0",null,"2\" Dia Vent Pipe Vertical Through Roof",{"$f":"7*12","v":84},{"v":0.1,"d":"10%"},{"v":92.4,"d":"92"},"LF",{"v":6.23,"d":"$6.2"},{"v":575.652,"d":"$575.65"},{"v":3.5,"d":"$3.50"},{"v":323.40000000000003,"d":"$323.40"},{"v":9.73,"d":"$9.7"},{"v":899.0520000000001,"d":"$899"}]
[{"$f":"IF(I25<>\"\",1+MAX($A$6:A24),\"\")","v":""}]
[{"$f":"IF(I26<>\"\",1+MAX($A$6:A25),\"\")","v":""},{"$nulls":3},"WATER PIPES",null,"AQUA PEX TUBING"]
[{"$f":"IF(I27<>\"\",1+MAX($A$6:A26),\"\")","v":10},"P-2.0","P-2.0",null,"1\" Dia Cold Water Pipe",{"v":42.48,"d":"42"},{"v":0.1,"d":"10%"},{"$f":"F27*(1+G27)","v":{"v":46.728,"d":"47"}},"LF",{"v":4.050000000000001,"d":"$4.1"},{"$f":"J27*H27","v":{"v":189.24840000000003,"d":"$189.25"}},{"v":2.5,"d":"$2.50"},{"$f":"L27*H27","v":{"v":116.82000000000001,"d":"$116.82"}},{"$f":"J27+L27","v":{"v":6.550000000000001,"d":"$6.6"}},{"$f":"N27*H27","v":{"v":306.06840000000005,"d":"$306"}}]
[{"$f":"IF(I28<>\"\",1+MAX($A$6:A27),\"\")","v":11},"P-2.0","P-2.0",null,"1 1/2\" Dia Cold Water Pipe",{"v":5.72,"d":"6"},{"v":0.1,"d":"10%"},{"v":6.292,"d":"6"},"LF",{"v":8.9424,"d":"$8.9"},{"v":56.265580799999995,"d":"$56.27"},{"v":5.52,"d":"$5.52"},{"v":34.73184,"d":"$34.73"},{"v":14.462399999999999,"d":"$14.5"},{"v":90.99742079999999,"d":"$91"}]
[{"$f":"IF(I29<>\"\",1+MAX($A$6:A28),\"\")","v":12},"P-2.0","P-2.0",null,"1 1/4\" Dia Cold Water Pipe",{"v":153.01,"d":"153"},{"v":0.1,"d":"10%"},{"v":168.311,"d":"168"},"LF",{"v":7.3386000000000005,"d":"$7.3"},{"$f":"J29*H29","v":{"v":1235.1671046000001,"d":"$1,235.17"}},{"v":4.53,"d":"$4.53"},{"$f":"L29*H29","v":{"v":762.44883,"d":"$762.45"}},{"$f":"J29+L29","v":{"v":11.8686,"d":"$11.9"}},{"v":1997.6159346000002,"d":"$1,998"}]
[{"$f":"IF(I30<>\"\",1+MAX($A$6:A29),\"\")","v":13},"P-2.0","P-2.0",null,"1/2\" Dia Cold Water Pipe",{"v":13.82,"d":"14"},{"v":0.1,"d":"10%"},{"v":15.202000000000002,"d":"15"},"LF",{"v":2.8998000000000004,"d":"$2.9"},{"v":44.08275960000001,"d":"$44.08"},{"v":1.79,"d":"$1.79"},{"v":27.211580000000005,"d":"$27.21"},{"$f":"J30+L30","v":{"v":4.6898,"d":"$4.7"}},{"v":71.2943396,"d":"$71"}]
[{"$f":"IF(I31<>\"\",1+MAX($A$6:A30),\"\")","v":14},"P-2.0","P-2.0",null,"3/4\" Dia Cold Water Pipe",{"v":111.54,"d":"112"},{"v":0.1,"d":"10%"},{"v":122.69400000000002,"d":"123"},"LF",{"v":3.2076000000000002,"d":"$3.2"},{"v":393.5532744000001,"d":"$393.55"},{"v":1.98,"d":"$1.98"},{"v":242.93412000000004,"d":"$242.93"},{"$f":"J31+L31","v":{"v":5.1876,"d":"$5.2"}},{"v":636.4873944000001,"d":"$636"}]
[{"$f":"IF(I32<>\"\",1+MAX($A$6:A31),\"\")","v":15},"P-2.0","P-2.0",null,"1\" Dia Hot Water Pipe",{"v":15.65,"d":"16"},{"v":0.1,"d":"10%"},{"v":17.215000000000003,"d":"17"},"LF",{"v":4.050000000000001,"d":"$4.1"},{"v":69.72075000000002,"d":"$69.72"},{"v":2.5,"d":"$2.50"},{"v":43.03750000000001,"d":"$43.04"},{"v":6.550000000000001,"d":"$6.6"},{"v":112.75825000000003,"d":"$113"}]
[{"$f":"IF(I33<>\"\",1+MAX($A$6:A32),\"\")","v":16},"P-2.0","P-2.0",null,"1 1/4\" Dia Hot Water Pipe",{"v":121.47,"d":"121"},{"v":0.1,"d":"10%"},{"v":133.61700000000002,"d":"134"},"LF",{"v":7.3386000000000005,"d":"$7.3"},{"v":980.5617162000002,"d":"$980.56"},{"v":4.53,"d":"$4.53"},{"v":605.2850100000002,"d":"$605.29"},{"v":11.8686,"d":"$11.9"},{"v":1585.8467262000004,"d":"$1,586"}]
[{"$f":"IF(I34<>\"\",1+MAX($A$6:A33),\"\")","v":17},"P-2.0","P-2.0",null,"1/2\" Dia Hot Water Pipe",{"v":32.45,"d":"32"},{"v":0.1,"d":"10%"},{"v":35.69500000000001,"d":"36"},"LF",{"v":2.8998000000000004,"d":"$2.9"},{"v":103.50836100000004,"d":"$103.51"},{"v":1.79,"d":"$1.79"},{"v":63.894050000000014,"d":"$63.89"},{"$f":"J34+L34","v":{"v":4.6898,"d":"$4.7"}},{"v":167.40241100000003,"d":"$167"}]
[{"$f":"IF(I35<>\"\",1+MAX($A$6:A34),\"\")","v":18},"P-2.0","P-2.0",null,"1/2\" Dia Hot Water Return",{"v":122.21,"d":"122"},{"v":0.1,"d":"10%"},{"v":134.431,"d":"134"},"LF",{"v":2.8998000000000004,"d":"$2.9"},{"v":389.82301380000007,"d":"$389.82"},{"v":1.79,"d":"$1.79"},{"v":240.63149,"d":"$240.63"},{"v":4.6898,"d":"$4.7"},{"v":630.4545038,"d":"$630"}]
[{"$f":"IF(I36<>\"\",1+MAX($A$6:A35),\"\")","v":19},"P-2.0","P-2.0",null,"3/4\" Dia Hot Water Pipe",{"v":96.88,"d":"97"},{"v":0.1,"d":"10%"},{"v":106.568,"d":"107"},"LF",{"v":3.2076000000000002,"d":"$3.2"},{"v":341.8275168,"d":"$341.83"},{"v":1.98,"d":"$1.98"},{"v":211.00464,"d":"$211.00"},{"v":5.1876,"d":"$5.2"},{"v":552.8321568,"d":"$553"}]
[{"$f":"IF(I37<>\"\",1+MAX($A$6:A36),\"\")","v":""}]
[{"$f":"IF(I38<>\"\",1+MAX($A$6:A37),\"\")","v":""},{"$nulls":3},"GAS PIPE",null,"SCH. 40 BLACK STEEL"]
[{"$f":"IF(I39<>\"\",1+MAX($A$6:A38),\"\")","v":20},"P-2.0","P-2.0",null,"1\" Dia Gas Pipe",{"v":10.17,"d":"10"},{"v":0.1,"d":"10%"},{"v":11.187000000000001,"d":"11"},"LF",{"v":3.7380000000000004,"d":"$3.7"},{"$f":"J39*H39","v":{"v":41.817006000000006,"d":"$41.82"}},{"v":2.1,"d":"$2.10"},{"$f":"L39*H39","v":{"v":23.492700000000003,"d":"$23.49"}},{"$f":"J39+L39","v":{"v":5.838000000000001,"d":"$5.8"}},{"v":65.30970600000002,"d":"$65"}]
[{"$f":"IF(I40<>\"\",1+MAX($A$6:A39),\"\")","v":21},"P-2.0","P-2.0",null,"1 1/2\" Dia Gas Pipe",{"v":11.43,"d":"11"},{"v":0.1,"d":"10%"},{"v":12.573,"d":"13"},"LF",{"v":4.45,"d":"$4.5"},{"v":55.949850000000005,"d":"$55.95"},{"v":2.5,"d":"$2.50"},{"v":31.4325,"d":"$31.43"},{"v":6.95,"d":"$7.0"},{"v":87.38235,"d":"$87"}]
[{"$f":"IF(I41<>\"\",1+MAX($A$6:A40),\"\")","v":22},"P-2.0","P-2.0",null,"1/2\" Dia Gas Pipe",{"v":58.59,"d":"59"},{"v":0.1,"d":"10%"},{"v":64.44900000000001,"d":"64"},"LF",{"v":3.1684,"d":"$3.2"},{"v":204.20021160000005,"d":"$204.20"},{"v":1.78,"d":"$1.78"},{"v":114.71922000000002,"d":"$114.72"},{"v":4.9484,"d":"$4.9"},{"v":318.9194316000001,"d":"$319"}]
[{"$f":"IF(I42<>\"\",1+MAX($A$6:A41),\"\")","v":23},"P-2.0","P-2.0",null,"2\" Dia Gas Pipe",{"v":85.72,"d":"86"},{"v":0.1,"d":"10%"},{"v":94.292,"d":"94"},"LF",{"v":5.0908,"d":"$5.1"},{"v":480.0217136,"d":"$480.02"},{"v":2.86,"d":"$2.86"},{"v":269.67512,"d":"$269.68"},{"v":7.950799999999999,"d":"$8.0"},{"v":749.6968336,"d":"$750"}]
[{"$f":"IF(I43<>\"\",1+MAX($A$6:A42),\"\")","v":24},"P-2.0","P-2.0",null,"2 1/2\" Dia Gas Pipe",{"v":50.56,"d":"51"},{"v":0.1,"d":"10%"},{"v":55.61600000000001,"d":"56"},"LF",{"v":5.767200000000001,"d":"$5.8"},{"$f":"J43*H43","v":{"v":320.74859520000007,"d":"$320.75"}},{"v":3.24,"d":"$3.24"},{"$f":"L43*H43","v":{"v":180.19584000000003,"d":"$180.20"}},{"$f":"J43+L43","v":{"v":9.007200000000001,"d":"$9.0"}},{"v":500.9444352000001,"d":"$501"}]
[{"$f":"IF(I44<>\"\",1+MAX($A$6:A43),\"\")","v":25},"P-2.0","P-2.0",null,"3/4\" Dia Gas Pipe",{"v":21.18,"d":"21"},{"v":0.1,"d":"10%"},{"v":23.298000000000002,"d":"23"},"LF",{"v":3.56,"d":"$3.6"},{"v":82.94088,"d":"$82.94"},{"v":2,"d":"$2.00"},{"v":46.596000000000004,"d":"$46.60"},{"$f":"J44+L44","v":{"v":5.5600000000000005,"d":"$5.6"}},{"v":129.53688000000002,"d":"$130"}]
[{"$f":"IF(I45<>\"\",1+MAX($A$6:A44),\"\")","v":""}]
[{"$f":"IF(I46<>\"\",1+MAX($A$6:A45),\"\")","v":""},{"$nulls":3},"RISER",null,"SCH. 40 BLACK STEEL"]
[{"$f":"IF(I47<>\"\",1+MAX($A$6:A46),\"\")","v":26},"P-2.1","P-2.1",null,"1 1/4\" Dia Gas Pipe",{"v":10.23,"d":"10"},{"v":0.1,"d":"10%"},{"$f":"F47*(1+G47)","v":{"v":11.253000000000002,"d":"11"}},"LF",{"v":3.7736,"d":"$3.8"},{"$f":"J47*H47","v":{"v":42.46432080000001,"d":"$42.46"}},{"v":2.12,"d":"$2.12"},{"$f":"L47*H47","v":{"v":23.856360000000006,"d":"$23.86"}},{"$f":"J47+L47","v":{"v":5.8936,"d":"$5.9"}},{"$f":"N47*H47","v":{"v":66.32068080000002,"d":"$66"}}]
[{"$f":"IF(I48<>\"\",1+MAX($A$6:A47),\"\")","v":27},"P-2.1","P-2.1",null,"3/4\" Dia Gas Pipe",{"v":12.61,"d":"13"},{"v":0.1,"d":"10%"},{"v":13.871,"d":"14"},"LF",{"v":3.56,"d":"$3.6"},{"v":49.38076,"d":"$49.38"},{"v":2,"d":"$2.00"},{"v":27.742,"d":"$27.74"},{"v":5.5600000000000005,"d":"$5.6"},{"v":77.12276000000001,"d":"$77"}]
[{"$f":"IF(I49<>\"\",1+MAX($A$6:A48),\"\")","v":28},"P-2.1","P-2.1",null,"1/2\" Dia Gas Pipe",{"v":8.25,"d":"8"},{"v":0.1,"d":"10%"},{"v":9.075000000000001,"d":"9"},"LF",{"v":3.1684,"d":"$3.2"},{"v":28.753230000000006,"d":"$28.75"},{"v":1.78,"d":"$1.78"},{"v":16.1535,"d":"$16.15"},{"v":4.9484,"d":"$4.9"},{"v":44.90673000000001,"d":"$45"}]
[{"$f":"IF(I50<>\"\",1+MAX($A$6:A49),\"\")","v":""}]
[{"$f":"IF(I51<>\"\",1+MAX($A$6:A50),\"\")","v":""},{"$nulls":3},"CONNECTIONS"]
[{"$f":"IF(I52<>\"\",1+MAX($A$6:A51),\"\")","v":""}]
[{"$f":"IF(I53<>\"\",1+MAX($A$6:A52),\"\")","v":""},{"$nulls":3},"WATER"]
[{"$f":"IF(I54<>\"\",1+MAX($A$6:A53),\"\")","v":29},"P-2.0","P-2.0",null,"1\" Dia 90 Degree Elbow",2,{"v":0,"d":"0%"},{"$f":"F54*(1+G54)","v":2},"EA",{"v":13.65,"d":"$13.7"},{"$f":"J54*H54","v":{"v":27.3,"d":"$27.30"}},{"v":21,"d":"$21.00"},{"$f":"L54*H54","v":{"v":42,"d":"$42.00"}},{"$f":"J54+L54","v":{"v":34.65,"d":"$34.7"}},{"$f":"N54*H54","v":{"v":69.3,"d":"$69"}}]
[{"$f":"IF(I55<>\"\",1+MAX($A$6:A54),\"\")","v":30},"P-2.0","P-2.0",null,"3/4\" Dia 90 Degree Elbow",8,{"v":0,"d":"0%"},8,"EA",{"v":11.05,"d":"$11.1"},{"v":88.4,"d":"$88.40"},{"v":17,"d":"$17.00"},{"v":136,"d":"$136.00"},{"$f":"J55+L55","v":{"v":28.05,"d":"$28.1"}},{"v":224.4,"d":"$224"}]
[{"$f":"IF(I56<>\"\",1+MAX($A$6:A55),\"\")","v":31},"P-2.0","P-2.0",null,"1 1/2\" Dia 90 Degree Elbow",2,{"v":0,"d":"0%"},2,"EA",{"v":16.25,"d":"$16.3"},{"v":32.5,"d":"$32.50"},{"v":25,"d":"$25.00"},{"v":50,"d":"$50.00"},{"v":41.25,"d":"$41.3"},{"v":82.5,"d":"$83"}]
[{"$f":"IF(I57<>\"\",1+MAX($A$6:A56),\"\")","v":32},"P-2.0","P-2.0",null,"1 1/4\" Dia 90 Degree Elbow",8,{"v":0,"d":"0%"},8,"EA",{"v":14.950000000000001,"d":"$15.0"},{"v":119.60000000000001,"d":"$119.60"},{"v":23,"d":"$23.00"},{"v":184,"d":"$184.00"},{"v":37.95,"d":"$38.0"},{"v":303.6,"d":"$304"}]
[{"$f":"IF(I58<>\"\",1+MAX($A$6:A57),\"\")","v":33},"P-2.0","P-2.0",null,"1/2\" Dia 90 Degree Elbow",7,{"v":0,"d":"0%"},7,"EA",{"v":9.1,"d":"$9.1"},{"v":63.699999999999996,"d":"$63.70"},{"v":14,"d":"$14.00"},{"v":98,"d":"$98.00"},{"v":23.1,"d":"$23.1"},{"v":161.70000000000002,"d":"$162"}]
[{"$f":"IF(I59<>\"\",1+MAX($A$6:A58),\"\")","v":34},"P-2.0","P-2.0",null,"1\" Dia To 3/4\" Dia 90 Degree Elbow",1,{"v":0,"d":"0%"},1,"EA",{"v":16.25,"d":"$16.3"},{"v":16.25,"d":"$16.25"},{"v":25,"d":"$25.00"},{"v":25,"d":"$25.00"},{"v":41.25,"d":"$41.3"},{"v":41.25,"d":"$41"}]
[{"$f":"IF(I60<>\"\",1+MAX($A$6:A59),\"\")","v":35},"P-2.0","P-2.0",null,"1\" Dia To 1/2\" Dia Transition Tee",1,{"v":0,"d":"0%"},1,"EA",{"v":16.25,"d":"$16.3"},{"v":16.25,"d":"$16.25"},{"v":25,"d":"$25.00"},{"v":25,"d":"$25.00"},{"v":41.25,"d":"$41.3"},{"v":41.25,"d":"$41"}]
[{"$f":"IF(I61<>\"\",1+MAX($A$6:A60),\"\")","v":36},"P-2.0","P-2.0",null,"1\" Dia To 1/4\" Dia Transition Tee",1,{"v":0,"d":"0%"},1,"EA",{"v":16.25,"d":"$16.3"},{"v":16.25,"d":"$16.25"},{"v":25,"d":"$25.00"},{"v":25,"d":"$25.00"},{"v":41.25,"d":"$41.3"},{"v":41.25,"d":"$41"}]
[{"$f":"IF(I62<>\"\",1+MAX($A$6:A61),\"\")","v":37},"P-2.0","P-2.0",null,"1/2\" Dia To 3/4\" Dia Transition Tee",3,{"v":0,"d":"0%"},3,"EA",{"v":14.3,"d":"$14.3"},{"v":42.900000000000006,"d":"$42.90"},{"v":22,"d":"$22.00"},{"v":66,"d":"$66.00"},{"v":36.3,"d":"$36.3"},{"v":108.89999999999999,"d":"$109"}]
[{"$f":"IF(I63<>\"\",1+MAX($A$6:A62),\"\")","v":38},"P-2.0","P-2.0",null,"1 1/4\" Dia To 3/4\" Dia Transition Tee",4,{"v":0,"d":"0%"},4,"EA",{"v":19.5,"d":"$19.5"},{"v":78,"d":"$78.00"},{"v":30,"d":"$30.00"},{"v":120,"d":"$120.00"},{"v":49.5,"d":"$49.5"},{"v":198,"d":"$198"}]
[{"$f":"IF(I64<>\"\",1+MAX($A$6:A63),\"\")","v":39},"P-2.0","P-2.0",null,"1 1/4\" Dia To 1\" Dia Transition Tee",2,{"v":0,"d":"0%"},2,"EA",{"v":18.2,"d":"$18.2"},{"v":36.4,"d":"$36.40"},{"v":28,"d":"$28.00"},{"v":56,"d":"$56.00"},{"v":46.2,"d":"$46.2"},{"v":92.4,"d":"$92"}]
[{"$f":"IF(I65<>\"\",1+MAX($A$6:A64),\"\")","v":40},"P-2.0","P-2.0",null,"1 1/4\" Dia To 1 1/2\" Dia Transition Tee",2,{"v":0,"d":"0%"},2,"EA",{"v":18.2,"d":"$18.2"},{"v":36.4,"d":"$36.40"},{"v":28,"d":"$28.00"},{"v":56,"d":"$56.00"},{"v":46.2,"d":"$46.2"},{"v":92.4,"d":"$92"}]
[{"$f":"IF(I66<>\"\",1+MAX($A$6:A65),\"\")","v":41},"P-2.0","P-2.0",null,"1\" Dia To 3/4\" Dia Transition Tee",2,{"v":0,"d":"0%"},2,"EA",{"v":18.2,"d":"$18.2"},{"v":36.4,"d":"$36.40"},{"v":28,"d":"$28.00"},{"v":56,"d":"$56.00"},{"v":46.2,"d":"$46.2"},{"v":92.4,"d":"$92"}]
[{"$f":"IF(I67<>\"\",1+MAX($A$6:A66),\"\")","v":42},"P-2.0","P-2.0",null,"1\" Dia To 3/4\"&1/2\" Dia Transition Tee",1,{"v":0,"d":"0%"},1,"EA",{"v":16.25,"d":"$16.3"},{"v":16.25,"d":"$16.25"},{"v":25,"d":"$25.00"},{"v":25,"d":"$25.00"},{"v":41.25,"d":"$41.3"},{"v":41.25,"d":"$41"}]
[{"$f":"IF(I68<>\"\",1+MAX($A$6:A67),\"\")","v":43},"P-2.0","P-2.0",null,"1\" Dia To 3/4\"&1 1/4\" Dia Transition Tee",1,{"v":0,"d":"0%"},1,"EA",{"v":16.25,"d":"$16.3"},{"v":16.25,"d":"$16.25"},{"v":25,"d":"$25.00"},{"v":25,"d":"$25.00"},{"v":41.25,"d":"$41.3"},{"v":41.25,"d":"$41"}]
[{"$f":"IF(I69<>\"\",1+MAX($A$6:A68),\"\")","v":44},"P-2.0","P-2.0",null,"1 1/4\" Dia Tee",3,{"v":0,"d":"0%"},3,"EA",{"v":18.2,"d":"$18.2"},{"v":54.599999999999994,"d":"$54.60"},{"v":28,"d":"$28.00"},{"v":84,"d":"$84.00"},{"v":46.2,"d":"$46.2"},{"v":138.60000000000002,"d":"$139"}]
[{"$f":"IF(I70<>\"\",1+MAX($A$6:A69),\"\")","v":45},"P-2.0","P-2.0",null,"3/4\" Dia Tee",11,{"v":0,"d":"0%"},11,"EA",{"v":16.25,"d":"$16.3"},{"v":178.75,"d":"$178.75"},{"v":25,"d":"$25.00"},{"v":275,"d":"$275.00"},{"v":41.25,"d":"$41.3"},{"v":453.75,"d":"$454"}]
[{"$f":"IF(I71<>\"\",1+MAX($A$6:A70),\"\")","v":""}]
[{"$f":"IF(I72<>\"\",1+MAX($A$6:A71),\"\")","v":""},{"$nulls":3},"WASTE"]
[{"$f":"IF(I73<>\"\",1+MAX($A$6:A72),\"\")","v":46},"P-3.0","P-3.0",null,"1 1/2\" Dia 45 Degree Elbow",6,{"v":0,"d":"0%"},{"$f":"F73*(1+G73)","v":6},"EA",{"v":13,"d":"$13.0"},{"$f":"J73*H73","v":{"v":78,"d":"$78.00"}},{"v":20,"d":"$20.00"},{"$f":"L73*H73","v":{"v":120,"d":"$120.00"}},{"$f":"J73+L73","v":{"v":33,"d":"$33.0"}},{"$f":"N73*H73","v":{"v":198,"d":"$198"}}]
[{"$f":"IF(I74<>\"\",1+MAX($A$6:A73),\"\")","v":47},"P-3.0","P-3.0",null,"1 1/2\" Dia 90 Degree Elbow",1,{"v":0,"d":"0%"},1,"EA",{"v":13,"d":"$13.0"},{"v":13,"d":"$13.00"},{"v":20,"d":"$20.00"},{"v":20,"d":"$20.00"},{"v":33,"d":"$33.0"},{"v":33,"d":"$33"}]
[{"$f":"IF(I75<>\"\",1+MAX($A$6:A74),\"\")","v":48},"P-3.0","P-3.0",null,"2\" Dia 45 Degree Elbow",8,{"v":0,"d":"0%"},8,"EA",{"v":19.5,"d":"$19.5"},{"v":156,"d":"$156.00"},{"v":30,"d":"$30.00"},{"v":240,"d":"$240.00"},{"v":49.5,"d":"$49.5"},{"v":396,"d":"$396"}]
[{"$f":"IF(I76<>\"\",1+MAX($A$6:A75),\"\")","v":49},"P-3.0","P-3.0",null,"2\" Dia 90 Degree Elbow",2,{"v":0,"d":"0%"},2,"EA",{"v":19.5,"d":"$19.5"},{"v":39,"d":"$39.00"},{"v":30,"d":"$30.00"},{"v":60,"d":"$60.00"},{"v":49.5,"d":"$49.5"},{"v":99,"d":"$99"}]
[{"$f":"IF(I77<>\"\",1+MAX($A$6:A76),\"\")","v":50},"P-3.0","P-3.0",null,"3\" Dia 45 Degree Elbow",10,{"v":0,"d":"0%"},10,"EA",{"v":22.75,"d":"$22.8"},{"v":227.5,"d":"$227.50"},{"v":35,"d":"$35.00"},{"v":350,"d":"$350.00"},{"v":57.75,"d":"$57.8"},{"v":577.5,"d":"$578"}]
[{"$f":"IF(I78<>\"\",1+MAX($A$6:A77),\"\")","v":51},"P-3.0","P-3.0",null,"2\" Dia Wye",1,{"v":0,"d":"0%"},1,"EA",{"v":20.8,"d":"$20.8"},{"v":20.8,"d":"$20.80"},{"v":32,"d":"$32.00"},{"v":32,"d":"$32.00"},{"v":52.8,"d":"$52.8"},{"v":52.8,"d":"$53"}]
[{"$f":"IF(I79<>\"\",1+MAX($A$6:A78),\"\")","v":52},"P-3.0","P-3.0",null,"3\" Dia Wye",7,{"v":0,"d":"0%"},7,"EA",{"v":24.7,"d":"$24.7"},{"v":172.9,"d":"$172.90"},{"v":38,"d":"$38.00"},{"v":266,"d":"$266.00"},{"v":62.7,"d":"$62.7"},{"v":438.90000000000003,"d":"$439"}]
[{"$f":"IF(I80<>\"\",1+MAX($A$6:A79),\"\")","v":53},"P-3.0","P-3.0",null,"3\" Dia To 2\" Dia Transition Wye",9,{"v":0,"d":"0%"},9,"EA",{"v":24.7,"d":"$24.7"},{"v":222.29999999999998,"d":"$222.30"},{"v":38,"d":"$38.00"},{"v":342,"d":"$342.00"},{"v":62.7,"d":"$62.7"},{"v":564.3000000000001,"d":"$564"}]
[{"$f":"IF(I81<>\"\",1+MAX($A$6:A80),\"\")","v":""}]
[{"$f":"IF(I82<>\"\",1+MAX($A$6:A81),\"\")","v":""},{"$nulls":3},"GAS"]
[{"$f":"IF(I83<>\"\",1+MAX($A$6:A82),\"\")","v":54},"P-2.0","P-2.0",null,"1\" Dia 90 Degree Elbow",1,{"v":0,"d":"0%"},{"$f":"F83*(1+G83)","v":1},"EA",{"v":22.1,"d":"$22.1"},{"$f":"J83*H83","v":{"v":22.1,"d":"$22.10"}},{"v":34,"d":"$34.00"},{"$f":"L83*H83","v":{"v":34,"d":"$34.00"}},{"$f":"J83+L83","v":{"v":56.1,"d":"$56.1"}},{"$f":"N83*H83","v":{"v":56.1,"d":"$56"}}]
[{"$f":"IF(I84<>\"\",1+MAX($A$6:A83),\"\")","v":55},"P-2.0","P-2.0",null,"1 1/4\" Dia 90 Degree Elbow",1,{"v":0,"d":"0%"},1,"EA",{"v":24.7,"d":"$24.7"},{"v":24.7,"d":"$24.70"},{"v":38,"d":"$38.00"},{"v":38,"d":"$38.00"},{"v":62.7,"d":"$62.7"},{"v":62.7,"d":"$63"}]
[{"$f":"IF(I85<>\"\",1+MAX($A$6:A84),\"\")","v":56},"P-2.0","P-2.0",null,"1/2\" Dia 90 Degree Elbow",3,{"v":0,"d":"0%"},3,"EA",{"v":18.2,"d":"$18.2"},{"v":54.599999999999994,"d":"$54.60"},{"v":28,"d":"$28.00"},{"v":84,"d":"$84.00"},{"v":46.2,"d":"$46.2"},{"v":138.60000000000002,"d":"$139"}]
[{"$f":"IF(I86<>\"\",1+MAX($A$6:A85),\"\")","v":57},"P-2.0","P-2.0",null,"2\" Dia 90 Degree Elbow",3,{"v":0,"d":"0%"},3,"EA",{"v":29.25,"d":"$29.3"},{"v":87.75,"d":"$87.75"},{"v":45,"d":"$45.00"},{"v":135,"d":"$135.00"},{"v":74.25,"d":"$74.3"},{"v":222.75,"d":"$223"}]
[{"$f":"IF(I87<>\"\",1+MAX($A$6:A86),\"\")","v":58},"P-2.0","P-2.0",null,"3/4\" Dia 90 Degree Elbow",1,{"v":0,"d":"0%"},1,"EA",{"v":19.5,"d":"$19.5"},{"v":19.5,"d":"$19.50"},{"v":30,"d":"$30.00"},{"v":30,"d":"$30.00"},{"v":49.5,"d":"$49.5"},{"v":49.5,"d":"$50"}]
[{"$f":"IF(I88<>\"\",1+MAX($A$6:A87),\"\")","v":59},"P-2.0","P-2.0",null,"3/4\" Dia To 1/2\" Dia 90 Degree Elbow",1,{"v":0,"d":"0%"},1,"EA",{"v":19.5,"d":"$19.5"},{"v":19.5,"d":"$19.50"},{"v":30,"d":"$30.00"},{"v":30,"d":"$30.00"},{"v":49.5,"d":"$49.5"},{"v":49.5,"d":"$50"}]
[{"$f":"IF(I89<>\"\",1+MAX($A$6:A88),\"\")","v":60},"P-2.0","P-2.0",null,"1\" Dia To 1 1/4\" Dia Transition Tee",1,{"v":0,"d":"0%"},1,"EA",{"v":27.3,"d":"$27.3"},{"v":27.3,"d":"$27.30"},{"v":42,"d":"$42.00"},{"v":42,"d":"$42.00"},{"v":69.3,"d":"$69.3"},{"v":69.3,"d":"$69"}]
[{"$f":"IF(I90<>\"\",1+MAX($A$6:A89),\"\")","v":61},"P-2.0","P-2.0",null,"1/2\" Dia To 3/4\" Dia Transition Tee",2,{"v":0,"d":"0%"},2,"EA",{"v":21.45,"d":"$21.5"},{"v":42.9,"d":"$42.90"},{"v":33,"d":"$33.00"},{"v":66,"d":"$66.00"},{"v":54.45,"d":"$54.5"},{"v":108.9,"d":"$109"}]
[{"$f":"IF(I91<>\"\",1+MAX($A$6:A90),\"\")","v":62},"P-2.0","P-2.0",null,"2 1/2\" Dia To 3/4\" Dia Transition Tee",4,{"v":0,"d":"0%"},4,"EA",{"v":35.75,"d":"$35.8"},{"v":143,"d":"$143.00"},{"v":55,"d":"$55.00"},{"v":220,"d":"$220.00"},{"v":90.75,"d":"$90.8"},{"v":363,"d":"$363"}]
[{"$f":"IF(I92<>\"\",1+MAX($A$6:A91),\"\")","v":63},"P-2.0","P-2.0",null,"2\" Dia To 1\" & 1 1/2\" Dia Transition Tee",1,{"v":0,"d":"0%"},1,"EA",{"v":32.5,"d":"$32.5"},{"v":32.5,"d":"$32.50"},{"v":50,"d":"$50.00"},{"v":50,"d":"$50.00"},{"v":82.5,"d":"$82.5"},{"v":82.5,"d":"$83"}]
[{"$f":"IF(I93<>\"\",1+MAX($A$6:A92),\"\")","v":64},"P-2.0","P-2.0",null,"2 1/2\" Dia To 1 1/4\" Dia Transition Tee",1,{"v":0,"d":"0%"},1,"EA",{"v":35.75,"d":"$35.8"},{"v":35.75,"d":"$35.75"},{"v":55,"d":"$55.00"},{"v":55,"d":"$55.00"},{"v":90.75,"d":"$90.8"},{"v":90.75,"d":"$91"}]
[{"$f":"IF(I94<>\"\",1+MAX($A$6:A93),\"\")","v":65},"P-2.0","P-2.0",null,"2 1/2\" Dia To 3/4\" & 2\" Dia Transition Tee",1,{"v":0,"d":"0%"},1,"EA",{"v":35.75,"d":"$35.8"},{"v":35.75,"d":"$35.75"},{"v":55,"d":"$55.00"},{"v":55,"d":"$55.00"},{"v":90.75,"d":"$90.8"},{"v":90.75,"d":"$91"}]
[{"$f":"IF(I95<>\"\",1+MAX($A$6:A94),\"\")","v":""}]
[{"$f":"IF(I96<>\"\",1+MAX($A$6:A95),\"\")","v":""},{"$nulls":3},"FIXTUERS"]
[{"$f":"IF(I97<>\"\",1+MAX($A$6:A96),\"\")","v":66},"P-3.0","P-3.0",null,"Shower Heads",1,{"v":0,"d":"0%"},{"$f":"F97*(1+G97)","v":1},"EA",{"v":10.799999999999999,"d":"$10.8"},{"$f":"J97*H97","v":{"v":10.799999999999999,"d":"$10.80"}},{"v":45,"d":"$45.00"},{"$f":"L97*H97","v":{"v":45,"d":"$45.00"}},{"$f":"J97+L97","v":{"v":55.8,"d":"$55.8"}},{"$f":"N97*H97","v":{"v":55.8,"d":"$56"}}]
[{"$f":"IF(I98<>\"\",1+MAX($A$6:A97),\"\")","v":67},"P-3.0","P-3.0",null,"Kitchen Sink w/ Faucet",2,{"v":0,"d":"0%"},2,"EA",{"v":144,"d":"$144.0"},{"v":288,"d":"$288.00"},{"v":600,"d":"$600.00"},{"v":1200,"d":"$1,200.00"},{"v":744,"d":"$744.0"},{"v":1488,"d":"$1,488"}]
[{"$f":"IF(I99<>\"\",1+MAX($A$6:A98),\"\")","v":68},"P-3.0","P-3.0",null,"4\" Floor Cleanout",1,{"v":0,"d":"0%"},1,"EA",{"v":19.2,"d":"$19.2"},{"v":19.2,"d":"$19.20"},{"v":80,"d":"$80.00"},{"v":80,"d":"$80.00"},{"v":99.2,"d":"$99.2"},{"v":99.2,"d":"$99"}]
[{"$f":"IF(I100<>\"\",1+MAX($A$6:A99),\"\")","v":69},"P-3.0","P-3.0",null,"3\" Floor Cleanout",2,{"v":0,"d":"0%"},2,"EA",{"v":16.8,"d":"$16.8"},{"v":33.6,"d":"$33.60"},{"v":70,"d":"$70.00"},{"v":140,"d":"$140.00"},{"v":86.8,"d":"$86.8"},{"v":173.6,"d":"$174"}]
[{"$f":"IF(I101<>\"\",1+MAX($A$6:A100),\"\")","v":70},"P-3.0","P-3.0",null,"Hose Bibb (Each Additional)",3,{"v":0,"d":"0%"},3,"EA",{"v":4.8,"d":"$4.8"},{"v":14.399999999999999,"d":"$14.40"},{"v":20,"d":"$20.00"},{"v":60,"d":"$60.00"},{"v":24.8,"d":"$24.8"},{"v":74.4,"d":"$74"}]
[{"$f":"IF(I102<>\"\",1+MAX($A$6:A101),\"\")","v":71},"P-3.0","P-3.0",null,"Shower Fixture Control Valve",3,{"v":0,"d":"0%"},3,"EA",{"v":23.8,"d":"$23.8"},{"v":71.4,"d":"$71.40"},{"v":70,"d":"$70.00"},{"v":210,"d":"$210.00"},{"v":93.8,"d":"$93.8"},{"v":281.4,"d":"$281"}]
[{"$f":"IF(I103<>\"\",1+MAX($A$6:A102),\"\")","v":72},"P-3.0","P-3.0",null,"(5'-10\"X3'-0\") Curb less Shower Enclosure w/ Shower Heads",2,{"v":0,"d":"0%"},2,"EA",{"v":392.4756000000001,"d":"$392.5"},{"v":784.9512000000002,"d":"$784.95"},{"v":1154.3400000000001,"d":"$1,154.34"},{"v":2308.6800000000003,"d":"$2,308.68"},{"$f":"J103+L103","v":{"v":1546.8156000000004,"d":"$1,546.8"}},{"v":3093.6312000000007,"d":"$3,094"}]
[{"$f":"IF(I104<>\"\",1+MAX($A$6:A103),\"\")","v":73},"P-3.0","P-3.0",null,"(10'X6') Curb less Shower Enclosure w/ Shower Heads",1,{"v":0,"d":"0%"},1,"EA",{"v":1346.4,"d":"$1,346.4"},{"v":1346.4,"d":"$1,346.40"},{"v":3960,"d":"$3,960.00"},{"v":3960,"d":"$3,960.00"},{"v":5306.4,"d":"$5,306.4"},{"v":5306.4,"d":"$5,306"}]
[{"$f":"IF(I105<>\"\",1+MAX($A$6:A104),\"\")","v":74},"P-3.0","P-3.0",null,"Water Closet Tank Type 1.28 Gallon",4,{"v":0,"d":"0%"},4,"EA",{"v":311.1,"d":"$311.1"},{"v":1244.4,"d":"$1,244.40"},{"v":915,"d":"$915.00"},{"v":3660,"d":"$3,660.00"},{"v":1226.1,"d":"$1,226.1"},{"v":4904.4,"d":"$4,904"}]
[{"$f":"IF(I106<>\"\",1+MAX($A$6:A105),\"\")","v":75},"P-3.0","P-3.0",null,"(3'-3\"x6'-6 1/2\") Free Standing Bathtub",1,{"v":0,"d":"0%"},1,"EA",{"v":1472.4125000000001,"d":"$1,472.4"},{"v":1472.4125000000001,"d":"$1,472.41"},{"v":4330.625,"d":"$4,330.63"},{"v":4330.625,"d":"$4,330.63"},{"$f":"J106+L106","v":{"v":5803.0375,"d":"$5,803.0"}},{"v":5803.0375,"d":"$5,803"}]
[{"$f":"IF(I107<>\"\",1+MAX($A$6:A106),\"\")","v":76},"P-3.0","P-3.0",null,"Under Mount Lavatory w/ 1.2 GPM Faucet",6,{"v":0,"d":"0%"},6,"EA",{"v":191.08,"d":"$191.1"},{"v":1146.48,"d":"$1,146.48"},{"v":562,"d":"$562.00"},{"v":3372,"d":"$3,372.00"},{"$f":"J107+L107","v":{"v":753.08,"d":"$753.1"}},{"v":4518.4800000000005,"d":"$4,518"}]
[{"$f":"IF(I108<>\"\",1+MAX($A$6:A107),\"\")","v":77},"P-3.0","P-3.0",null,"WH1 - Tankless Water Heater, BTU/HR: 199900, Manufacturer: Rheem",1,{"v":0,"d":"0%"},1,"EA",{"v":510.00000000000006,"d":"$510.0"},{"v":510.00000000000006,"d":"$510.00"},{"v":1500,"d":"$1,500.00"},{"v":1500,"d":"$1,500.00"},{"v":2010,"d":"$2,010.0"},{"v":2010,"d":"$2,010"}]
[{"$f":"IF(I109<>\"\",1+MAX($A$6:A108),\"\")","v":""}]
[{"$f":"IF(I110<>\"\",1+MAX($A$6:A109),\"\")","v":""},{"$nulls":3},"VALVES"]
[{"$f":"IF(I111<>\"\",1+MAX($A$6:A110),\"\")","v":78},"P-2.1","P-2.1",null,"1 1/4\" Dia Shut Off Valve",3,{"v":0,"d":"0%"},3,"EA",{"v":19.720000000000002,"d":"$19.7"},{"v":59.16000000000001,"d":"$59.16"},{"v":58,"d":"$58.00"},{"v":174,"d":"$174.00"},{"$f":"J111+L111","v":{"v":77.72,"d":"$77.7"}},{"v":233.16,"d":"$233"}]
[{"$f":"IF(I112<>\"\",1+MAX($A$6:A111),\"\")","v":79},"P-2.1","P-2.1",null,"1/2\" Dia Shut Off Valve",2,{"v":0,"d":"0%"},2,"EA",{"v":10.88,"d":"$10.9"},{"v":21.76,"d":"$21.76"},{"v":32,"d":"$32.00"},{"v":64,"d":"$64.00"},{"v":42.88,"d":"$42.9"},{"v":85.76,"d":"$86"}]
[{"$f":"IF(I113<>\"\",1+MAX($A$6:A112),\"\")","v":80},"P-2.1","P-2.1",null,"2 1/2\" Dia Shut Off Valve",1,{"v":0,"d":"0%"},1,"EA",{"v":37.74,"d":"$37.7"},{"v":37.74,"d":"$37.74"},{"v":111,"d":"$111.00"},{"v":111,"d":"$111.00"},{"v":148.74,"d":"$148.7"},{"v":148.74,"d":"$149"}]
[{"$f":"IF(I114<>\"\",1+MAX($A$6:A113),\"\")","v":81},"P-2.1","P-2.1",null,"3/4\" Dia Shut Off Valve",2,{"v":0,"d":"0%"},2,"EA",{"v":14.96,"d":"$15.0"},{"v":29.92,"d":"$29.92"},{"v":44,"d":"$44.00"},{"v":88,"d":"$88.00"},{"v":58.96,"d":"$59.0"},{"v":117.92,"d":"$118"}]
[{"$f":"IF(I115<>\"\",1+MAX($A$1:A114),\"\")","v":""}]
["SUB TOTAL",{"$nulls":13},{"$f":"SUM(O8:O115)","v":{"v":60166.101430200004,"d":"$60,166"}},{"$f":"SUM(P7:P115)","v":{"v":60166.101430200004,"d":"$60,166"}}]
["OVERHEAD & PROFIT (25%)",{"$nulls":12},{"v":0.25,"d":"25%"},{"$f":"N117*O116","v":{"v":15041.525357550001,"d":"$15,042"}},{"$f":"N117*P116","v":{"v":15041.525357550001,"d":"$15,042"}}]
["TOTAL BID",{"$nulls":13},{"$f":"SUM(O116:O117)","v":{"v":75207.62678775,"d":"$75,208"}},{"$f":"SUM(P116:P117)","v":{"v":75207.62678775,"d":"$75,208"}}]